000 00346 a2200157 4500
001 61344
020 _a9783060200528
040 _cAnchieta - Pituba
100 _aZbranková, Milena
240 1 0 _aPrima
_lpor
245 1 0 _aPrima
300 _a80
362 0 _a2007
650 4 _aLínguas germânicas (teutônicas) língua alemã
942 _cBK
999 _c61344
_d61344